000 01618nam0a22002891 4500
001 rc\4558327
005 20250612115754.0
021 _aRU
_b[58-43090]
035 _a(NLR Aleph) 008645238
090 _a8967513
_c8967513
100 _a20130416d1958 |||y0rusy50 ca
101 0 _arus
102 _aRU
105 _ay z |||a|
200 1 _aТак совершается подвиг
_eРассказы
210 _aМосква
_cВоениздат
_d1958
215 _a112 с.
_d17
225 1 _aБиблиотека солдата и матроса
327 1 _aСодерж.: Четвертый день войны; Важное задание; Точный расчет; Друг за друга; Охота за "скрипачом"; Ракетница; Так совершается подвиг; Бессмертие; Главный боцман; Знакомый почерк; Мужество
464 0 _12001#$aЧетвертый день войны$aВажное задание$aТочный расчет$aДруг за друга$aОхота за "скрипачом"$aРакетница$aТак совершается подвиг$aБессмертие$aГлавный боцман$aЗнакомый почерк$aМужество
_tМужество
606 _aСоветская Армия на фронтах Великой Отечественной войны 1941-1945 гг. (х. л.)
_2psbo
700 1 _aЛичак
_bН.К.
_f1917-
_gНиколай Кириллович
801 0 _aRU
_bNLR
_gpsbo
801 1 _aRU
_bELAR
_2rusmarc
852 _aNLR
_j58-2/1616
942 _cBOOK
980 _aNB